<?xml version="1.0" encoding="UTF-8"?>
<collection xmlns="http://www.loc.gov/MARC21/slim">
 <record>
  <leader>01184cam a2200373 i 4500</leader>
  <controlfield tag="001">000046537</controlfield>
  <controlfield tag="003">6035</controlfield>
  <controlfield tag="005">20040524100303.0</controlfield>
  <controlfield tag="008">010307b2000    vm            000   vie</controlfield>
  <datafield tag="020" ind1=" " ind2=" ">
   <subfield code="c">28500</subfield>
  </datafield>
  <datafield tag="040" ind1=" " ind2=" ">
   <subfield code="a">IRC</subfield>
   <subfield code="c">IRC</subfield>
   <subfield code="d">IRC</subfield>
  </datafield>
  <datafield tag="041" ind1="0" ind2=" ">
   <subfield code="a">vie</subfield>
  </datafield>
  <datafield tag="082" ind1="1" ind2="4">
   <subfield code="a">895.92332</subfield>
   <subfield code="b">VU-P</subfield>
  </datafield>
  <datafield tag="100" ind1="1" ind2=" ">
   <subfield code="a">Vũ Trọng Phụng.</subfield>
  </datafield>
  <datafield tag="245" ind1="0" ind2="0">
   <subfield code="a">Trúng số độc đắc /</subfield>
   <subfield code="c">Vũ Trọng Phụng.</subfield>
  </datafield>
  <datafield tag="260" ind1=" " ind2=" ">
   <subfield code="a">Hà Nội :</subfield>
   <subfield code="b">Hội nhà văn,</subfield>
   <subfield code="c">2000.</subfield>
  </datafield>
  <datafield tag="300" ind1=" " ind2=" ">
   <subfield code="a">332tr. ;</subfield>
   <subfield code="c">19cm.</subfield>
  </datafield>
  <datafield tag="520" ind1="3" ind2=" ">
   <subfield code="a">Cuốn Trúng số độc đắc này đã vẽ lại con đường rất biện chứng, biến một anh ký kiết ra một tay cự phú, với các hoàn cảnh gia đình, xã hội vây quanh anh ta.</subfield>
  </datafield>
  <datafield tag="600" ind1="1" ind2="4">
   <subfield code="a">Vũ Trọng Phụng,</subfield>
   <subfield code="d">1912-1939.</subfield>
  </datafield>
  <datafield tag="630" ind1="0" ind2="4">
   <subfield code="a">Tiểu thuyết.</subfield>
  </datafield>
  <datafield tag="630" ind1="0" ind2="4">
   <subfield code="a">Vũ Trọng Phụng.</subfield>
  </datafield>
  <datafield tag="630" ind1="0" ind2="4">
   <subfield code="a">Văn học Việt.</subfield>
  </datafield>
  <datafield tag="650" ind1="0" ind2="4">
   <subfield code="a">Vũ Trọng Phụng,</subfield>
   <subfield code="d">1912-1939.</subfield>
  </datafield>
  <datafield tag="650" ind1="0" ind2="4">
   <subfield code="a">Văn học Việt</subfield>
   <subfield code="x">Tiểu thuyết.</subfield>
  </datafield>
  <datafield tag="OWN" ind1=" " ind2=" ">
   <subfield code="a">DUT</subfield>
  </datafield>
  <datafield tag="999" ind1=" " ind2=" ">
   <subfield code="a">From the UDN01</subfield>
  </datafield>
  <datafield tag="TYP" ind1=" " ind2=" ">
   <subfield code="a">Monograph</subfield>
  </datafield>
  <datafield tag="TYP" ind1=" " ind2=" ">
   <subfield code="a">Printed language</subfield>
  </datafield>
  <datafield tag="980" ind1=" " ind2=" ">
   <subfield code="a">Mạng thư viện Đại học Đà Nẵng</subfield>
  </datafield>
 </record>
</collection>
